Optimálne rozhodnutia v ekonomike

Na minha lista:
Detalhes bibliográficos
Autor principal: Gorstko, Aleksander Borisovič
Outros Autores: Kantorovič, Leonid Vitalievič
Formato: Livro
Idioma:eslovaco
Publicado em: Bratislava Pravda 1976
Tags: Adicionar Tag
Sem tags, seja o primeiro a adicionar uma tag!

MARC

LEADER 00000nam a2200000 4500
001 c120353
005 20231103122142.1
041 0 |a slo 
044 |a SK 
245 1 0 |a Optimálne rozhodnutia v ekonomike  |c Aleksander Borisovič Gorstko, Leonid Vitalievič Kantorovič 
264 1 |a Bratislava  |b Pravda  |c 1976 
300 |a 236 s. 
100 1 |a Gorstko, Aleksander Borisovič 
700 1 |a Kantorovič, Leonid Vitalievič